| 000 | 00900nam a2200253 a 4500 | ||
|---|---|---|---|
| 005 | 20060722155810.0 | ||
| 008 | 030918s2003 ii ab b 001 0 eng | ||
| 010 | _aENG-91550 | ||
| 020 |
_a9780195696219 _c595.00 |
||
| 020 |
_a0195696212 _c595.00 |
||
| 035 | _aEN-75083 | ||
| 037 | _bDBAD / PUB | ||
| 040 |
_adpl _bEnglish |
||
| 082 | _a954.02 | ||
| 100 | _aChandra, Satish | ||
| 245 |
_aState, pluralism, and the Indian historica tradition / _cby Satish Chandra |
||
| 260 |
_aNew Delhi : _bOxford University Press, _c2008 |
||
| 300 |
_aviii, 196 p. _c22 cm (Hb) |
||
| 500 | _aIncludes index. | ||
| 520 | _aContributed essays. | ||
| 651 |
_aIndia _xHistory |
||
| 942 |
_2ddc _cEN _mSAT _h954.02 |
||
| 999 |
_c18164 _d18164 |
||